English to French Click Quiz: Animals - Statistics

General Stats
  • This quiz has been taken 260 times
  • The average score is 31 of 50
Answer Stats
Hint Answer % Correct
hippopotamus hippopotame
90%
lion lion
89%
zebra zèbre
87%
cat chat
84%
turtle tortue
83%
horse cheval
82%
dog chien
82%
snake serpent
81%
parrot perroquet
79%
spider araignée
77%
rabbit lapin
77%
goldfish poisson rouge
76%
guinea pig cochon d'Inde
74%
butterfly papillon
74%
duck canard
73%
pig cochon
73%
cow vache
72%
bird oiseau
71%
bee abeille
67%
wolf loup
66%
bear ours
66%
goat chèvre
64%
whale baleine
62%
frog grenouille
62%
turkey dinde
60%
jellyfish méduse
60%
sheep mouton
60%
fox renard
60%
mouse souris
60%
rooster coq
59%
shark réquin
59%
monkey singe
59%
squirrel écureuil
57%
ant fourmi
52%
seal phoque
52%
worm ver
52%
lobster homard
51%
donkey âne
49%
hedgehog hérisson
47%
hen poule
47%
fly mouche
46%
beaver castor
43%
oyster huitre
42%
lamb agneau
41%
deer cerf
40%
owl chouette
39%
walrus morse
36%
seagull mouette
30%
moose élan
28%
ram bélier
27%
No matching quizzes found
Score Distribution
Percent of People with Each Score
Percentile by Number Answered
Your Score History
You have not taken this quiz